000 00456nam a22001817a 4500
003 MPLRDC
005 20220104144147.0
008 210129b ||||| |||| 00| 0 eng d
020 _a7-5363-1483-3
082 _a621.804 ZB
100 _a朱滨、宁健著
245 _a为人处世与战国策
_c
250 _a初版
260 _a
_b广西民族出版社
_c1992
300 _b
650 _a中国断代史--战国策
942 _cBK
_o621.804 ZB
999 _c46959
_d46949